Êtes-vous rapide ? Test de rapidité 4 éléments - Statistiques

Statistiques générales
  • Ce quiz a été pris 805 fois
  • Le résultat moyen est 7 sur 12
Statistiques - réponses
Éléments % Correct
Feu Feu
98%
Feu2 Feu2
81%
Eau Eau
77%
Feu3 Feu3
73%
Terre Terre
64%
Eau2 Eau2
58%
Eau3 Eau3
52%
Air Air
42%
Terre2 Terre2
41%
Terre3 Terre3
32%
Air2 Air2
22%
Air3 Air3
17%
Aucun quiz correspondant
Distribution des résultats
% des personnes avec chaque résultat
Percentile par nombre de réponses
Votre historique - résultats
Vous n’avez pas pris ce quiz